Court of Appeal Criminal Appeal No. 2 OF 2000 Omuroni Francis Vs Uganda (Record no. 3090)
[ view plain ]
| 000 -LEADER | |
|---|---|
| fixed length control field | 00638nam a22001217a 4500 |
| 008 - FIXED-LENGTH DATA ELEMENTS--GENERAL INFORMATION | |
| fixed length control field | 110616t xxu||||| |||| 00| 0 eng d |
| 010 ## - LIBRARY OF CONGRESS CONTROL NUMBER | |
| LC control number | CACAF46 |
| 245 ## - TITLE STATEMENT | |
| Title | Court of Appeal Criminal Appeal No. 2 OF 2000 Omuroni Francis Vs Uganda |
| 260 ## - PUBLICATION, DISTRIBUTION, ETC. (IMPRINT) | |
| Date of publication, distribution, etc | 2000 |
| 500 ## - GENERAL NOTE | |
| General note | Coram: Hon. Justice G.M. Okello, JA<br/> Hon. Justice A.E. Mpagi-Bahigeine, J.A<br/> Hon. Justice A. Twinomujuni, J.A. |
| 500 ## - GENERAL NOTE | |
| General note | Appeal from the judgement of the High Court of Uganda Akiiki-Kiiza, J at Soroti dated 28th September 1998 in C.S.C. No. 34 of 1998 |
| Withdrawn status | Lost status | Source of classification or shelving scheme | Damaged status | Koha normalized classification for sorting | Not for loan | Location (home branch) | Sublocation or collection (holding branch) | Shelving location | Date acquired | Koha issues (times borrowed) | Koha full call number | Piece designation (barcode) | Koha date last seen | Price effective from | Koha item type |
|---|---|---|---|---|---|---|---|---|---|---|---|---|---|---|---|
| Dewey Decimal Classification | CACA_F_46 | Law Development Centre Main Library | Law Development Centre Main Library | Law Reports | 06/16/2011 | CACA F_46 | 2/2000/1 | 06/16/2011 | 06/16/2011 | Un Reported Cases |
